| 000 | 00000nam##2200000za#4500 |
| 001 | 9.691831 |
| 003 | CaOODSP |
| 005 | 20210624232937 |
| 007 | cr ||||||||||| |
| 008 | 150407|2006||||xxc|||||o f|0| 0 eng|d |
| 020 | |a978-1-896997-57-5 |
| 040 | |aCaOODSP|beng |
| 043 | |an-cn--- |
| 086 | 1 |aEn108-4/46-2006E-PDF |
| 110 | 1 |aCanada.|bCanadian Council of Ministers of the Environment. |
| 245 | 10|aCanadian environmental quality guidelines for diisopropanolamine (DIPA) : |h[electronic resource]|bwater and soil |
| 260 | |aGatineau - Quebec : |bCanadian Council of Ministers of the Environment |cc2006. |
| 300 | |a83p.|bgraphs, references, tables |
| 590 | |a10-14-Supp|b2010-12-03 |
| 690 | 07|aSoil quality|2gcpds |
| 690 | 07|aWater quality|2gcpds |
| 856 | 40|ahttp://publications.gc.ca|qPDF|s687 KB|uhttps://publications.gc.ca/collections/collection_2010/ccme/En108-4-46-2006-eng.pdf |
| 986 | |aPN 1367 |